Minecraft - Guess the Items by Picture - Statistics

General Stats
  • This quiz has been taken 71 times
    58 since last reset
  • The average score is 217 of 482
Answer Stats
Picture Answer % Correct
Acacia Boat
87%
Wooden Axe
82%
Wooden Hoe
82%
Wooden Shovel
82%
Wooden Pickaxe
79%
Wooden Sword
79%
Golden Axe
76%
Golden Boots
76%
Golden Hoe
76%
Golden Pickaxe
76%
Golden Shovel
76%
Golden Sword
76%
Stone Axe
76%
Stone Hoe
76%
Stone Pickaxe
76%
Stone Shovel
76%
Stone Sword
76%
Wooden Spear
76%
Birch Boat
74%
Cherry Boat
74%
Copper Axe
74%
Copper Boots
74%
Copper Hoe
74%
Copper Pickaxe
74%
Copper Shovel
74%
Copper Sword
74%
Diamond Axe
74%
Diamond Boots
74%
Diamond Hoe
74%
Diamond Pickaxe
74%
Diamond Shovel
74%
Diamond Sword
74%
Iron Axe
74%
Iron Boots
74%
Iron Hoe
74%
Iron Pickaxe
74%
Iron Shovel
74%
Iron Sword
74%
Leather Boots
74%
Acacia Boat with Chest
71%
Bamboo Raft
71%
Dark Oak Boat
71%
Golden Horse Armor
71%
Golden Spear
71%
Netherite Axe
71%
Netherite Boots
71%
Netherite Hoe
71%
Netherite Pickaxe
71%
Netherite Shovel
71%
Netherite Sword
71%
Oak Boat
71%
Stone Spear
71%
Apple
68%
Bread
68%
Cake
68%
Carrot
68%
Copper Horse Armor
68%
Copper Spear
68%
Diamond Horse Armor
68%
Diamond Spear
68%
Egg
68%
Golden Apple
68%
Golden Carrot
68%
Iron Horse Armor
68%
Iron Spear
68%
Potato
68%
Spider Eye
68%
Spruce Boat
68%
Wheat
68%
Black Dye
66%
Cooked Chicken
66%
Cooked Salmon
66%
Dark Oak Boat with Chest
66%
Leather Horse Armor
66%
Netherite Horse Armor
66%
Netherite Spear
66%
Pale Oak Boat
66%
Pufferfish
66%
Raw Chicken
66%
Raw Salmon
66%
Tropical Fish
66%
Birch Boat with Chest
63%
Black Bundle
63%
Bone
63%
Book
63%
Bucket
63%
Bucket of Pufferfish
63%
Bucket of Salmon
63%
Cherry Boat with Chest
63%
Coal
63%
Cooked Beef
63%
Cooked Cod
63%
Cookie
63%
Enchanted Golden Apple
63%
Flint and Steel
63%
Jungle Boat
63%
Lava Bucket
63%
Mangrove Boat
63%
Oak Boat with Chest
63%
Pale Oak Boat with Chest
63%
Paper
63%
Pumpkin Pie
63%
Raw Beef
63%
Raw Cod
63%
Shears
63%
Sugar
63%
Water Bucket
63%
Bamboo Raft with Chest
61%
Black Balloon
61%
Blaze Rod
61%
Book and Quill
61%
Bucket of Cod
61%
Bucket of Tropical Fish
61%
Clock
61%
Cooked Rabbit
61%
Debug Stick
61%
Diamond
61%
Emerald
61%
Enchanted Book
61%
Ender Pearl
61%
Explorer Map
61%
Fishing Rod
61%
Glass Bottle
61%
Gray Balloon
61%
Gray Dye
61%
Jungle Boat with Chest
61%
Leather
61%
Mangrove Boat with Chest
61%
Milk Bucket
61%
Minecart
61%
Name Tag
61%
Raw Rabbit
61%
Shield
61%
Spruce Boat with Chest
61%
Stick
61%
Trident
61%
Blaze Powder
58%
Bow
58%
Brick
58%
Bucket of Tadpole
58%
Copper Ingot
58%
Eye of Ender
58%
Golden Chestplate
58%
Gold Ingot
58%
Gold Nugget
58%
Gray Bundle
58%
Iron Ingot
58%
Item Frame
58%
Lapis Lazuli
58%
Light Gray Dye
58%
Melon Slice
58%
Minecart with Chest
58%
Mushroom Stew
58%
Pumpkin Seeds
58%
Spyglass
58%
Totem of Undying
58%
Water Bottle
58%
Wheat Seeds
58%
Arrow
55%
Beetroot
55%
Beetroot Soup
55%
Brown Balloon
55%
Brown Dye
55%
Bucket of Axolotl
55%
Copper Nugget
55%
Diamond Chestplate
55%
Elytra
55%
End Crystal
55%
Fermented Spider Eye
55%
Golden Helmet
55%
Golden Leggings
55%
Iron Chestplate
55%
Iron Nugget
55%
Magenta Dye
55%
Melon Seeds
55%
Minecart with Hopper
55%
Minecart with TNT
55%
Netherite Ingot
55%
Orange Balloon
55%
Orange Dye
55%
Pink Balloon
55%
Pink Dye
55%
Purple Dye
55%
Red Balloon
55%
Red Dye
55%
Silver Balloon
55%
Slimeball
55%
Suspicious Stew
55%
White Balloon
55%
White Dye
55%
Yellow Balloon
55%
Yellow Dye
55%
Beetroot Seeds
53%
Brown Bundle
53%
Bundle
53%
Copper Chestplate
53%
Copper Helmet
53%
Copper Leggings
53%
Cyan Balloon
53%
Cyan Dye
53%
Diamond Helmet
53%
Diamond Leggings
53%
Green Balloon
53%
Green Dye
53%
Iron Helmet
53%
Iron Leggings
53%
Light Blue Balloon
53%
Light Blue Dye
53%
Light Gray Bundle
53%
Magenta Balloon
53%
Magma Cream
53%
Netherite Chestplate
53%
Orange Bundle
53%
Painting
53%
Purple Balloon
53%
Red Bundle
53%
Snowball
53%
White Bundle
53%
Yellow Bundle
53%
Blue Balloon
50%
Blue Bundle
50%
Blue Dye
50%
Blue Egg
50%
Breeze Rod
50%
Brown Egg
50%
Chainmail Boots
50%
Chainmail Chestplate
50%
Chainmail Helmet
50%
Chorus Fruit
50%
Crossbow
50%
Cyan Bundle
50%
Green Bundle
50%
Light Blue Bundle
50%
Lime Balloon
50%
Lime Dye
50%
Magenta Bundle
50%
Minecart with Command Block
50%
Netherite Helmet
50%
Netherite Leggings
50%
Pink Bundle
50%
Purple Bundle
50%
Rabbit Stew
50%
Armor Stand
47%
Bottle o' Enchanting
47%
Chainmail Leggings
47%
Fire Charge
47%
Kelp
47%
Leather Pants
47%
Lime Bundle
47%
Nether Star
47%
Redstone Dust
47%
Wolf Armor
47%
Bone Meal
45%
Compass
45%
Cooked Mutton
45%
Leather Cap
45%
Leather Tunic
45%
Raw Mutton
45%
Rotten Flesh
45%
Saddle
45%
String
45%
Baked Potato
42%
Bowl
42%
Charcoal
42%
Cooked Porkchop
42%
Copper Nautilus Armor
42%
Diamond Nautilus Armor
42%
Feather
42%
Flint
42%
Golden Nautilus Armor
42%
Iron Nautilus Armor
42%
Mace
42%
Nether Brick
42%
Netherite Nautilus Armor
42%
Phantom Membrane
42%
Raw Porkchop
42%
Carrot on a Stick
39%
Eye Armor Trim
39%
Glow Berries
39%
Gunpowder
39%
Ink Sac
39%
Knowledge Book
39%
Lead
39%
Lodestone Compass
39%
Nether Quartz
39%
Raw Copper
39%
Raw Gold
39%
Raw Iron
39%
Brush
37%
Coast Armor Trim
37%
Cocoa Beans
37%
Dried Kelp
37%
Goat Horn
37%
Heart of the Sea
37%
Honeycomb
37%
Minecart with Furnace
37%
Nether Wart
37%
Salt
37%
Silence Armor Trim
37%
Amethyst Shard
34%
Black Firework Star
34%
Camera
34%
Clay Ball
34%
Dragon's Breath
34%
Dune Armor Trim
34%
Empty Map
34%
Firework Rocket
34%
Garbage
34%
Ghast Tear
34%
Glow Ink Sac
34%
Glow Item Frame
34%
Glowstone Dust
34%
Gray Firework Star
34%
Honey Bottle
34%
Music Disc - Pigstep
34%
Prismarine Crystals
34%
Rabbit Hide
34%
Tide Armor Trim
34%
Vex Armor Trim
34%
Ward Armor Trim
34%
Bolt Armor Trim
32%
Glue
32%
Ice Bomb
32%
Lingering Potion
32%
Nautilus Shell
32%
Netherite Upgrade
32%
Poisonous Potato
32%
Resin Brick
32%
Sentry Armor Trim
32%
Splash Potion
32%
Super Fertilizer
32%
Sweet Berries
32%
Trial Key
32%
Turtle Shell
32%
Wind Charge
32%
Antidote
29%
Armadillo Scute
29%
Black Harness
29%
Board
29%
Brown Firework Star
29%
Creeper Charge Banner Pattern
29%
Firework Star
29%
Light Gray Firework Star
29%
Netherite Scrap
29%
Ominous Bottle
29%
Orange Firework Star
29%
Orange Sparkler
29%
Popped Chorus Fruit
29%
Potion
29%
Red Firework Star
29%
Red Sparkler
29%
Shulker Shell
29%
Skull Charge Banner Pattern
29%
Snout Banner Pattern
29%
Spectral Arrow
29%
Thing Banner Pattern
29%
Warped Fungus on a Stick
29%
Water
29%
White Firework Star
29%
Yellow Firework Star
29%
Blue Firework Star
26%
Blue Sparkler
26%
Cyan Firework Star
26%
Flow Armor Trim
26%
Glistering Melon Slice
26%
Gray Harness
26%
Green Firework Star
26%
Green Sparkler
26%
Light Blue Firework Star
26%
Lime Firework Star
26%
Magenta Firework Star
26%
Music Disc - Cat
26%
Ominous Trial Key
26%
Pink Firework Star
26%
Purple Firework Star
26%
Purple Sparkler
26%
Rabbit's Foot
26%
Spire Armor Trim
26%
Tipped Arrow
26%
Brown Glow Stick
24%
Danger Pottery Sherd
24%
Echo Shard
24%
Gray Glow Stick
24%
Host Armor Trim
24%
Music Disc - Tears
24%
Orange Glow Stick
24%
Recovery Compass
24%
Red Glow Stick
24%
Snout Armor Trim
24%
White Glow Stick
24%
Yellow Glow Stick
24%
Blue Glow Stick
21%
Brown Harness
21%
Cyan Glow Stick
21%
Disc Fragment
21%
Flow Banner Pattern
21%
Flower Charge Banner Pattern
21%
Globe Banner Pattern
21%
Green Glow Stick
21%
Guster Banner Pattern
21%
Heart Pottery Sherd
21%
Light Blue Glow Stick
21%
Light Gray Harness
21%
Lime Glow Stick
21%
Magenta Glow Stick
21%
Music Disc - Lava Chicken
21%
Music Disc - Otherside
21%
Orange Harness
21%
Pink Glow Stick
21%
Pitcher Pod
21%
Powder Snow Bucket
21%
Prismarine Shard
21%
Purple Glow Stick
21%
Red Harness
21%
Rib Armor Trim
21%
Shaper Armor Trim
21%
Skull Pottery Sherd
21%
Wayfinder Armor Trim
21%
White Harness
21%
Wild Armor Trim
21%
Written Book
21%
Yellow Harness
21%
Archer Pottery Sherd
18%
Bleach
18%
Blue Harness
18%
Bordure Indented Banner Pattern
18%
Burn Pottery Sherd
18%
Cyan Harness
18%
Field Masoned Banner Pattern
18%
Flow Pottery Sherd
18%
Green Harness
18%
Guster Pottery Sherd
18%
Heartbreak Pottery Sherd
18%
Howl Pottery Sherd
18%
Light Blue Harness
18%
Lime Harness
18%
Magenta Harness
18%
Miner Pottery Sherd
18%
Mourner Pottery Sherd
18%
Music Disc - 11
18%
Music Disc - 13
18%
Music Disc - Blocks
18%
Music Disc - Chirp
18%
Music Disc - Mellohi
18%
Pink Harness
18%
Portfolio
18%
Purple Harness
18%
Raiser Armor Trim
18%
Scrape Pottery Sherd
18%
Snort Pottery Sherd
18%
Torchflower Seeds
18%
Turtle Scute
18%
Angler Pottery Sherd
16%
Arms Up Pottery Sherd
16%
Blade Pottery Sherd
16%
Brewer Pottery Sherd
16%
Explorer Pottery Sherd
16%
Friend Pottery Sherd
16%
Locked Map
16%
Music Disc - 5
16%
Music Disc - Creator
16%
Music Disc - Creator (Music Box)
16%
Music Disc - Mall
16%
Music Disc - Precipice
16%
Music Disc - Relic
16%
Music Disc - Stal
16%
Music Disc - Strad
16%
Music Disc - Wait
16%
Music Disc - Ward
16%
Plenty Pottery Sherd
16%
Prize Pottery Sherd
16%
Sheaf Pottery Sherd
16%
Shelter Pottery Sherd
16%
Eye Drops
13%
Music Disc - Far
13%
Photo
13%
Poster
13%
Slate
13%
Crude Oil
11%
Elixir
11%
Soap
11%
Tonic
11%
No matching quizzes found
Score Distribution
Percent of People with Each Score
Percentile by Number Answered
Your Score History
You have not taken this quiz since the last reset